Didáctica general

সংরক্ষণ করুন:
গ্রন্থ-পঞ্জীর বিবরন
প্রধান লেখক: Schmieder, A
অন্যান্য লেখক: J.
বিন্যাস: গ্রন্থ
ভাষা:স্প্যানিশ
প্রকাশিত: Buenos Aires. Losada. 1946.
বিষয়গুলি:
ট্যাগগুলো: ট্যাগ যুক্ত করুন
কোনো ট্যাগ নেই, প্রথমজন হিসাবে ট্যাগ করুন!

MARC

LEADER 00000nam a22000005a 4500
001 18798
003 CL-ChBUA
005 20120815103709.0
008 070301s1946 sp 000 0 spa
040 |a CL-ChBUA  |c CL-ChBUA 
082 0 0 |a 371 
090 |c 18798  |d 18798 
100 1 |a Schmieder, A 
245 1 0 |a Didáctica general 
260 |b Losada.  |a Buenos Aires.  |c 1946. 
300 |a 194 p.  |c 21 cm. 
504 |a Indice. 
650 4 |a EDUCACION. 
650 4 |a ENSEÑANZA. 
700 1 |a J. 
942 |c LIB 
952 |0 0  |1 0  |4 0  |7 0  |9 25883  |a UNACH  |b UNACH  |c 300  |d 2007-03-05  |i 36.654.  |l 0  |o 371 / Sch 348.  |p 26882  |r 2022-08-26 00:00:00  |u 25883  |w 2012-08-08  |y LIB  |k 371 / Sch 348. 
999 |c 18798  |d 18798